|
|
|
|
| LEADER |
00000cam a2200000 4500 |
| 001 |
vtls012246776 |
| 003 |
SK-MaSNL |
| 005 |
20260301085211.0 |
| 008 |
231227s2023 xr af b 000 j cze |
| 015 |
|
|
|a SNBZSA2025/12
|
| 020 |
|
|
|a 9788000071947
|q (viazané)
|
| 040 |
|
|
|a SNK
|b slo
|c SNK
|e rda
|
| 041 |
1 |
|
|a cze
|h slo
|
| 044 |
|
|
|a xr
|c CZ
|
| 072 |
|
7 |
|a 821.162.4-3
|x Slovenská próza
|2 konspekt
|
| 072 |
|
7 |
|a 821-93
|x Literatúra pre deti a mládež (beletria)
|2 konspekt
|
| 080 |
|
|
|a 821.162.4-32
|2 2011
|
| 080 |
|
|
|a 82-93-053.4/.5
|2 2011
|
| 100 |
1 |
|
|a Lutherová, Soňa G.,
|d 1982-
|4 aut
|9 209540
|
| 240 |
1 |
0 |
|a Môžu superhrdinovia nosiť okuliare?
|l Česky
|
| 245 |
1 |
0 |
|a Můžou superhrdinové nosit brýle?
|c napsala Soňa G. Lutherová ; ilustroval Martin Krkošek ; ze slovenského originálu Môžu superhrdinovia nosiť okuliare? ... přeložila Jana Pátková
|
| 250 |
|
|
|a 1. vydání
|
| 264 |
|
1 |
|a V Praze
|b Albatros
|c 2023
|
| 300 |
|
|
|a 57 strán
|b ilustrácie
|c 18 x 25 cm
|
| 336 |
|
|
|a text
|b txt
|2 rdacontent
|
| 336 |
|
|
|a statický obraz
|b sti
|2 rdacontent
|
| 337 |
|
|
|a bez média
|b n
|2 rdamedia
|
| 338 |
|
|
|a zväzok
|b nc
|2 rdacarrier
|
| 500 |
|
|
|a Vydalo vydavateľstvo Albatros v spoločnosti Albatros Media a. s.
|
| 500 |
|
|
|a Preložené zo slovenčiny
|
| 521 |
8 |
|
|a Pre deti od 5 rokov
|
| 655 |
|
7 |
|a slovenské príbehy
|2 SNKPH
|9 70494
|
| 655 |
|
7 |
|a literatúra pre deti
|2 SNKPH
|9 87135
|
| 655 |
|
7 |
|a Slovak stories
|2 SNKPHeng
|9 277112
|
| 655 |
|
7 |
|a Children's literature
|2 SNKPHeng
|9 276039
|
| 700 |
1 |
|
|a Krkošek, Martin,
|d 1979-
|4 ill
|9 183371
|
| 700 |
1 |
|
|a Pátková, Jana,
|d 1973-
|4 trl
|9 55337
|
| 710 |
2 |
|
|a Albatros Media.
|b Albatros
|4 pbl
|9 195208
|
| 852 |
|
|
|a Slovenská národná knižnica
|
| 919 |
|
|
|a 978-80-00-07194-7
|
| 954 |
|
|
|a beletria pôvodná (slovenská)
|2 lita
|
| 958 |
|
|
|a ZS
|
| 958 |
|
|
|a LX
|
| 958 |
|
|
|a DB
|
| 958 |
|
|
|a UP
|
| 968 |
|
|
|b SLO
|
| 999 |
|
|
|c 665270
|d 667200
|
| 952 |
|
|
|a SNK
|b SNK
|y PREZ
|7 0
|p 17A1577383
|o snkSD 93907
|i snk2025/16281
|8 4
|g 14.37
|0 0
|1 0
|4 0
|d 2023-12-27
|l 0
|r 2026-02-23 19:07:14
|w 2026-02-23
|